Normal view
MARC view
- Carnegie, Dale,
Entry Personal Name
001 - CONTROL NUMBER
- control field: 85974
003 - CONTROL NUMBER IDENTIFIER
- control field: NUST
005 - DATE AND TIME OF LATEST TRANSACTION
- control field: 20211207153646.0
008 - FIXED-LENGTH DATA ELEMENTS
- fixed length control field: 211207|| aca||aabn | a|a d
040 ## - CATALOGING SOURCE
- Original cataloging agency: NUST
- Transcribing agency: NUST
100 ## - HEADING--PERSONAL NAME
- Personal name: Carnegie, Dale,
- Dates associated with a name: 1888-1955
670 ## - SOURCE DATA FOUND
- Source citation: Work cat.: (NUST)0: Carnegie, Dale, 1888-1955., How to stop worrying and start living., 1948.
